Estadísticas para El Sistema Solar

Haz click aquí para intentar la prueba.

Estadísticas generales

  • Esta prueba ha sido intentada 1.778 veces
  • La puntuación promedio es 13 de 24

Estadísticas de respuestas

Masa¿qué es?Nombre% Correcto
1.90 x 1027 kgJúpiter
98%
5.97 x 1024 kgTierra
98%
6.42 x 1023 kgMarte
96%
5.68 x 1026 kgSaturno
96%
1.99 x 1030 kgSol
96%
8.68 x 1025 kgUrano
95%
4.87 x 1024 kgVenus
95%
1.02 x 1026 kgNeptuno
94%
7.35 x 1022 kgLuna
92%
3.30 x 1023 kgMercurio
92%
1.31 x 1022 kgPlaneta enanoPlutón
89%
4.80 x 1022 kgLuna de JúpiterEuropa
50%
8.93 x 1022 kgLuna de JúpiterÍo
36%
1.35 x 1023 kgLuna de SaturnoTitán
35%
1.48 x 1023 kgLuna de JúpiterGanímedes
29%
1.08 x 1023 kgLuna de JúpiterCalisto
21%
2.15 x 1022 kgLuna de NeptunoTriton
16%
1.67 x 1022 kgPlaneta enanoEris
15%
3.00 x 1021 kgPlaneta enanoMakemake
12%
3.53 x 1021 kgLuna de UranoTitania
11%
4.00 x 1021 kgPlaneta enanoHaumea
10%
2.32 x 1021 kgLuna de SaturnoRea
10%
1.97 x 1021 kgLuna de SaturnoJápeto
9%
3.01 x 1021 kgLuna de UranoOberón
9%

Distribución de puntuación

Porcentaje por número respondido

Porcentaje de gente con cada puntuación

Historial de tus puntuaciones

No has intentado esta prueba.